000 00725nam a2200277 a 4500
999 _c4893
_d4893
001 4893
003 BD-JhCC
005 20180417181608.0
008 171205s2002 ii a|||| || | 001 0 eng d
020 _a8120320700
035 _a(BD-JhCC)4893
040 _aBD-JhCC
_dBD-JhCC
041 _aeng
082 _a658.8342
_bSCH 2002
100 _aSchiffman, Leon G.
245 _aConsumer Behavior /
_cLeon G. Schiffman, Leslie Lazar Kanuk
250 _a7th ed.
260 _aNew Delhi :
_bPrentice-Hall of India,
_c2002.
300 _a469 p. :
_c25 cm.
650 _aConsumer behavior
650 _aMotivation research
650 _aMarketing
700 _aKanuk, Leslie Lazar
942 _2ddc
_cBK